| 000 | 00385nam a22001577a 4500 | ||
|---|---|---|---|
| 003 | NUST | ||
| 005 | 20220128104507.0 | ||
| 038 | _aMuhammad Ibrahim | ||
| 082 | _a808.02 QIW | ||
| 100 |
_a Qiwen, Chen _988672 |
||
| 245 |
_aYuan Longping : the father of hybrid rice _cChen Qiwen |
||
| 260 |
_aChina _bIntercontinental press _c2019 |
||
| 300 | _a195p | ||
| 563 | _aPB | ||
| 942 |
_2ddc _cBK |
||
| 999 |
_c587730 _d587730 |
||